01422nam a22002657a 4500008004100000020001800041040000800059041000800067050003200075100002500107240003100132245003700163250001900200260005000219300002400269500005100293520065800344650003001002650002001032650002201052655002001074655002301094655002001117655001901137251013b |||||||| |||| 00| 0 eng d a9781250376633 cTBS aeng aPQ9698.426.U43 bB4613 2025 aPueyo, Hacheeauthor aBem mal me quer.lEnglish. aBut not too boldc/ Hache Pueyo. aFirst edition. aNew York, NY : bTor Publishing Group,c2025. a111 pages ; c21 cm aTranslation of: Bem mal me quer / Hache Pueyo. aThe old keeper of the keys is dead, and the creature who ate her is the volatile Lady of the Capricious House-Anatema, an enormous humanoid spider with a taste for laudanum and human brides. Dalia, the old keeper's protégée, must take up her duties, locking and unlocking the little drawers in which Anatema keeps her memories. And if she can unravel the crime that led to her predecessor's death, Dalia might just be able to survive long enough to grow into her new role. But there's a gaping hole in Dalia's plan that she refuses to see: Anatema cannot resist a beautiful woman, and she eventually devours every single bride that crosses her path. 0aBeauty, PersonalvFiction 0aBridesvFiction 0aMonstersvFiction 0aMonster fiction 0aParanormal fiction 0aFantasy fiction 0aGothic fiction